The faith of George W. Bush / (Record no. 6450)
[ view plain ]
| 000 -LEADER | |
|---|---|
| fixed length control field | 01175cam a2200349 i 4500 |
| 001 - CONTROL NUMBER | |
| control field | 53381484 |
| 003 - CONTROL NUMBER IDENTIFIER | |
| control field | OCoLC |
| 005 - DATE AND TIME OF LATEST TRANSACTION | |
| control field | 20190116201248.0 |
| 008 - FIXED-LENGTH DATA ELEMENTS--GENERAL INFORMATION | |
| fixed length control field | 040504s2003 nyua b 001 0deng d |
| 010 ## - LIBRARY OF CONGRESS CONTROL NUMBER | |
| LC control number | 2004272413 |
| 020 ## - INTERNATIONAL STANDARD BOOK NUMBER | |
| International Standard Book Number | 1585423092 |
| 040 ## - CATALOGING SOURCE | |
| Original cataloging agency | SO$ |
| Description conventions | rda |
| Transcribing agency | SO$ |
| Modifying agency | DLC |
| Language of cataloging | eng |
| 042 ## - AUTHENTICATION CODE | |
| Authentication code | lccopycat |
| 043 ## - GEOGRAPHIC AREA CODE | |
| Geographic area code | n-us--- |
| 050 00 - LIBRARY OF CONGRESS CALL NUMBER | |
| Classification number | E903.3 |
| Item number | .M36 2003b |
| 082 00 - DEWEY DECIMAL CLASSIFICATION NUMBER | |
| Classification number | 973.93 |
| Edition number | 22 |
| Item number | M287F |
| 100 1# - MAIN ENTRY--PERSONAL NAME | |
| Personal name | Mansfield, Stephen, |
| Dates associated with a name | 1958- |
| 245 14 - TITLE STATEMENT | |
| Title | The faith of George W. Bush / |
| Statement of responsibility, etc. | Stephen Mansfield |
| 264 #1 - PRODUCTION, PUBLICATION, DISTRIBUTION, MANUFACTURE, AND COPYRIGHT NOTICE | |
| Place of production, publication, distribution, manufacture | New York : |
| Name of producer, publisher, distributor, manufacturer | Jeremy P. Tarcher/Penguin, |
| Date of production, publication, distribution, manufacture, or copyright notice | [2003] |
| 264 #4 - PRODUCTION, PUBLICATION, DISTRIBUTION, MANUFACTURE, AND COPYRIGHT NOTICE | |
| Date of production, publication, distribution, manufacture, or copyright notice | ©2003 |
| 300 ## - PHYSICAL DESCRIPTION | |
| Extent | xx, 200 pages : |
| Other physical details | illustrations ; |
| Dimensions | 24 cm |
| 336 ## - CONTENT TYPE | |
| Content type term | text |
| Content type code | txt |
| Source | rdacontent |
| 337 ## - MEDIA TYPE | |
| Media type term | unmediated |
| Media type code | n |
| Source | rdamedia |
| 338 ## - CARRIER TYPE | |
| Carrier type term | volume |
| Carrier type code | nc |
| Source | rdacarrier |
| 504 ## - BIBLIOGRAPHY, ETC. NOTE | |
| Bibliography, etc. note | Includes bibliographical references (pages 179-193) and index |
| 600 10 - SUBJECT ADDED ENTRY--PERSONAL NAME | |
| Personal name | Bush, George W. |
| Fuller form of name | (George Walker), |
| Dates associated with a name | 1946- |
| General subdivision | Religion |
| 600 10 - SUBJECT ADDED ENTRY--PERSONAL NAME | |
| Personal name | Bush, George W. |
| Fuller form of name | (George Walker), |
| Dates associated with a name | 1946- |
| General subdivision | Friends and associates |
| 600 30 - SUBJECT ADDED ENTRY--PERSONAL NAME | |
| Personal name | Bush family |
| 650 #0 - SUBJECT ADDED ENTRY--TOPICAL TERM | |
| Topical term or geographic name entry element | Presidents |
| Geographic subdivision | United States |
| Form subdivision | Biography |
| 856 41 - ELECTRONIC LOCATION AND ACCESS | |
| Public note | Table of contents |
| Uniform Resource Identifier | <a href="http://catdir.loc.gov/catdir/toc/fy045/2004272413.html">http://catdir.loc.gov/catdir/toc/fy045/2004272413.html</a> |
| 942 ## - ADDED ENTRY ELEMENTS (KOHA) | |
| Source of classification or shelving scheme | Dewey Decimal Classification |
| Koha item type | Books |
| Withdrawn status | Lost status | Source of classification or shelving scheme | Damaged status | Not for loan | Collection code | Home library | Current library | Shelving location | Date acquired | Cost, normal purchase price | Total Checkouts | Full call number | Barcode | Date last seen | Price effective from | Koha item type |
|---|---|---|---|---|---|---|---|---|---|---|---|---|---|---|---|---|
| Dewey Decimal Classification | Non-fiction | Harvest Mission College | Harvest Mission College | General Stacks | 16.01.2019 | 1000.00 | 973.93 M287F | 007569 | 16.01.2019 | 16.01.2019 | Books |
